000 00539ntaaa2200181 4500
003 01
005 20251027202151.0
008 0714s1973 ag 01
040 _aAR-BaBN
_bspa
_cAR-BaBN
_eaacr
_dRIC
082 _a266.6000 Un2
100 _aUnderwood, Joseph B
_920173
245 _aBy love compelled
250 _a1 ed.
260 _aNashville :
_bBroadman Press,
_cc1966
300 _a127 p
500 _aRelatos de los campos misioneros a través de los cuales se muestra el poder del evangelio en las vidas de las gentes
942 _cBK
999 _c16651
_d16651